[Event "Montreal Pere Noel U1500"]
[Site "Montreal"]
[Date "2016.12.29"]
[Round "4.55"]
[White "Denis, Alain"]
[Black "Richard, Guillaume"]
[Result "1/2-1/2"]
[WhiteElo "1115"]
[BlackElo "1028"]
[PlyCount "132"]
[EventDate "2016.12.26"]
[EventType "swiss"]
[EventRounds "5"]
[EventCountry "CAN"]
[SourceTitle "EXT 2022"]
[Source "ChessBase"]
[SourceDate "2021.10.06"]
[SourceVersion "1"]
[SourceVersionDate "2021.10.06"]
[SourceQuality "1"]

1. e4 e5 2. Nf3 Nc6 3. Bb5 a6 4. Ba4 Nf6 5. 0-0 Be7 6. Re1 0-0 7. c3 d6 8. h3 d5 9. d3 dxe4 10. Bxc6 exf3 11. Bxf3 Rb8 12. Rxe5 Bd6 13. Re1 Be6 14. Bg5 Be7 15. d4 Nd5 16. Bxe7 Nxe7 17. Nd2 Nd5 18. Bxd5 Bxd5 19. c4 Be6 20. d5 Bc8 21. Nf3 Bd7 22. Qd2 h6 23. Re2 c6 24. Ne5 cxd5 25. Nxd7 Qxd7 26. Qxd5 Rbd8 27. Qxd7 Rxd7 28. Rae1 Rfd8 29. b3 Rd1 30. Rxd1 Rxd1+ 31. Kh2 Kh7 32. h4 Kg6 33. g4 h5 34. f3 hxg4 35. fxg4 Rd4 36. Rg2 f5 37. gxf5+ Kxf5 38. Kh3 Rd3+ 39. Rg3 Rd7 40. a4 Kf4 41. c5 a5 42. h5 Rc7 43. Rg4+ Ke3 44. Rc4 Kd3 45. Kh4 Rc8 46. Kg5 Rc6 47. Kf5 b6 48. cxb6 Rxb6 49. Rg4 Rf6+ 50. Kg5 Rh6 51. Rc4 Rf6 52. Rc7 Rf1 53. Kh4 Rg1 54. Rc5 Kd4 55. Rg5 Rb1 56. Kg4 Rg1+ 57. Kf5 Re1 58. Kg6 Re6+ 59. Kxg7 Re7+ 60. Kf8 Ra7 61. Rg2 Ra8+ 62. Kf7 Ra7+ 63. Kg6 Ra6+ 64. Kh7 Ra8 65. Kg6 Ra6+ 66. Kf7 Ra7+ 1/2-1/2

[Event "Montreal Pere Noel U1500"]
[Site "Montreal"]
[Date "2016.12.28"]
[Round "3.20"]
[White "Paquin, Robbie"]
[Black "Denis, Alain"]
[Result "1-0"]
[WhiteElo "1119"]
[BlackElo "1115"]
[PlyCount "53"]
[EventDate "2016.12.26"]
[EventType "swiss"]
[EventRounds "5"]
[EventCountry "CAN"]
[SourceTitle "EXT 2022"]
[Source "ChessBase"]
[SourceDate "2021.10.06"]
[SourceVersion "1"]
[SourceVersionDate "2021.10.06"]
[SourceQuality "1"]

1. e4 c5 2. Nf3 d6 3. c3 Bg4 4. Bc4 Nf6 5. d3 e6 6. Bg5 Be7 7. Qa4+ Nbd7 8. Nbd2 a6 9. Qd1 0-0 10. h3 Bxf3 11. Nxf3 b5 12. Bb3 Nb6 13. Qe2 Nfd7 14. Bxe7 Qxe7 15. c4 b4 16. d4 Qf6 17. e5 dxe5 18. dxe5 Qg6 19. 0-0 Rae8 20. Bc2 f5 21. exf6 Qxf6 22. Qe4 Qf5 23. Qe2 Qf6 24. b3 Re7 25. Be4 Ne5 26. Nxe5 Qxe5 27. Bxh7+ 1-0

[Event "Quebec op U1400"]
[Site "Montreal"]
[Date "2016.07.28"]
[Round "7.12"]
[White "Denis, Alain"]
[Black "Dubois, Lorraine"]
[Result "1-0"]
[WhiteElo "1244"]
[BlackElo "1200"]
[PlyCount "139"]
[EventDate "2016.07.23"]
[EventType "swiss"]
[EventRounds "8"]
[EventCountry "CAN"]
[SourceTitle "EXT 2022"]
[Source "ChessBase"]
[SourceDate "2021.10.06"]
[SourceVersion "1"]
[SourceVersionDate "2021.10.06"]
[SourceQuality "1"]

1. e4 c6 2. d4 d5 3. Nc3 dxe4 4. Nxe4 Bf5 5. Ng3 Bg6 6. h4 h6 7. h5 Bh7 8. Nf3 Nd7 9. Bd3 Bxd3 10. Qxd3 Ngf6 11. Bd2 e6 12. 0-0-0 Bd6 13. Ne4 Bc7 14. Bb4 Nxe4 15. Qxe4 Nf6 16. Qe2 Nd5 17. Bd2 0-0 18. g3 Qf6 19. Ne5 Rfe8 20. c4 Nb6 21. f4 Rad8 22. Be3 Nd7 23. Rhf1 Nxe5 24. fxe5 Qe7 25. g4 c5 26. Rg1 cxd4 27. Bxd4 Bb6 28. Bxb6 Rxd1+ 29. Rxd1 axb6 30. Qe3 Qc7 31. b3 b5 32. Qd4 bxc4 33. bxc4 Rc8 34. Kb2 Qxc4 35. Qxc4 Rxc4 36. Rd8+ Kh7 37. Rd7 Rxg4 38. Rxf7 Rg5 39. Rxb7 Rxe5 40. a4 Rxh5 41. Rb5 Rh2+ 42. Kb3 Rh4 43. a5 Rh3+ 44. Kc4 Ra3 45. Kb4 Ra1 46. Re5 Kg6 47. Rxe6+ Kf5 48. Rc6 g6 49. a6 h5 50. Rc5+ Ke6 51. Ra5 Rb1+ 52. Kc5 Rc1+ 53. Kb6 Kd6 54. Rb5 Rc6+ 55. Ka7 h4 56. Rb6 h3 57. Rxc6+ Kxc6 58. Kb8 Kd6 59. a7 Ke5 60. a8Q Kf4 61. Qh1 Kg3 62. Qg1+ Kh4 63. Qh2 g5 64. Kc7 g4 65. Qf4 Kh5 66. Qg3 Kg5 67. Kd6 Kf5 68. Kd5 Kg5 69. Ke4 Kh5 70. Kf4 1-0